• 首页
  • 本馆介绍
  • 公告通知
  • 最新文献
  • 馆藏检索
  • 电子资源
  • 读者导购
  • 参考咨询
  • 我的图书馆
  • 登录
  • 详细信息显示
  • 放入我的书架
  • 预约/预借图书
  • 作者相关作品
  • 分类相关作品
  • 丛书相关作品
  • 出版社相关作品

书目信息

  • 表格格式
  • 工作单格式
  • 卡片格式
书名: Jazz styles
作者: Mark C. Gridley.
分册号:
分册名:
出版地: Upper Saddle River, NJ :
 
出版社: Prentice Hall
出版时间: c2000.
页数: xxii, 458 p. :
开本: 26 cm.
丛书名:
中图分类号:
科图分类号:
其他分类号: J632.5
主题词:
电子资源:
000 01138cam a22003374a 450
001 E0733030184
005 20070506091043.65
008 990212s2000 njua b 001 0deng
010    @a99021580
020    @a013021227X.
035    @A(DLC) 99021580
040    @aDLC@cDLC
042    @apcc
043    @an-us---
050 00 @aML3506@b.G74 2000
082 00 @a781.65@2 21
090    @aJ632.5
099    @dJ632.5@ex27=7
100 1  @aGridley, Mark C.,@d1947-
245 10 @aJazz styles :@bhistory & analysis / @cMark C. Gridley.
250    @a7th ed.
260    @aUpper Saddle River, NJ :@bPrentice Hall,@cc2000.
300    @axxii, 458 p. :@bill. ;@c26 cm.
504    @aIncludes bibliographical references and index.
650  0 @aJazz musicians.
650  0 @aJazz@xAnalysis, appreciation.
650  0 @aStyle, Musical.
906    @a7@bcbc@corignew@d1@eocip@f19@gy-gencatlg
925 0  @aacquire@b2 shelf copies@xpolicy default
955    @apc16 to vp00 02-12-99; vl24 02-12-99; vl19 02-12-99; bk rec’d, to CIP ver. ps15 04-14-00; vk03 04-20-00; vk05 to BCCD 04-21-00; 2nd copy to BCCD vl20 06-16-00
984    @agsl
    
    Jazz styles : : history & analysis / / Mark C. Gridley.-7th ed.-Upper Saddle River, NJ : : Prentice Hall, , c2000.
    xxii, 458 p. : : ill. ; ; 26 cm.
    Includes bibliographical references and index.
    
    ISBN 013021227X.
    
●
相关链接 在E读中查询图书 在五车中查询图书 在当当中查询图书 在豆瓣中查询图书


正题名:Jazz styles     索取号:J632.5/x27=7         预约/预借

序号 登录号 条形码 馆藏地/架位号 状态 备注
1 006797   300067978   第二样本阅览室/ [索取号:J632.5/x27=7] 在馆    
唐山师范学院图书馆 欢迎您!
大连网信软件有限公司© 版权所有